Computer confluence : Exploring tomorrow's technology

Αποθηκεύτηκε σε:
Λεπτομέρειες βιβλιογραφικής εγγραφής
Κύριος συγγραφέας: Beekman, George
Άλλοι συγγραφείς: Brent, Gary, Rathswohl, Eugene J.
Μορφή: Βιβλίο
Γλώσσα:English
Δημοσίευση: California : Addison Wesley Longman, Inc., 1997
Θέματα:
Ετικέτες: Προσθήκη ετικέτας
Δεν υπάρχουν, Καταχωρήστε ετικέτα πρώτοι!

MARC

LEADER 00000nam a2200000 i 4500
001 1/59121
008 980528s1997 eng d
020 |a 0805324674 
035 |l 10028486 
040 |a GR-MY-UA  |b gre  |e aacr 
041 0 |a eng 
082 0 |a 004 
100 1 |a Beekman, George. 
245 1 0 |a Computer confluence :  |b Exploring tomorrow's technology /  |c George Beekman ; Gary R. Brent, Eugene J. RAathswohl 
260 |a California :   |b Addison Wesley Longman, Inc.,   |c 1997 
300 |a xxxii, 480 p.   |e cd included 
500 |a Business edition 
504 |a index included 
650 0 0 |a Computers. 
650 0 0 |a Information technology. 
700 1 |a Brent, Gary. 
700 1 |a Rathswohl, Eugene J. 
852 |a INST  |b CHIOS  |e 19980528  |h 004 BEE  |p 005200016421  |q 005200016421  |t BK  |y 0 
852 |a INST  |b CHIOS  |e 19981102  |h 004 BEE   |p 005200014106  |q 005200014106  |t BK  |y 0 
901 |a BIBL-1998-2 
909 |a Χ  |b 055637 
909 |a X  |b 054968 
922 |a 2ΕΛΗ  |b 199804  |c ΤΔΕ  |d ΠΑΠΑΣΩΤΗΡΙΟΥ